000 00775nam a2200205Ia 4500
005 20260121110022.0
008 008 260114s9999 xx 000 0 hin d
020 _a9788132360667
037 _aEBOOK
040 _aCRL
_bhin
_cCRL
041 _ahin
_2hin
084 _qCRL
100 _aसुमंत चौधरी / Sumant Chaudhary
_9941051
245 0 _aग्रामीण भारत: शिक्षा, समाज, संस्कृति एवं आर्थिक जीवन / Gramin Bharat: Shiksha, Samaj, Sanskriti aur Arthik Jeevan
260 _bभाषा प्रकाशन / Bhasha Prakashan
_c2021
856 _uhttps://bhashaprakashan.com/product-details/379017
942 _cEBOOK
999 _c1532716
_d1532716